|
|
|
|
| LEADER |
00000nam0a2200000 4500 |
| 001 |
198846 |
| 005 |
20231031184110.0 |
| 035 |
|
|
|a (RuTPU)RU\TPU\book\216859
|
| 090 |
|
|
|a 198846
|
| 100 |
|
|
|a 20110711d1983 k y0rusy50 ca
|
| 101 |
0 |
|
|a rus
|
| 102 |
|
|
|a RU
|
| 105 |
|
|
|a a z 001zy
|
| 200 |
1 |
|
|a Мощные наносекундные импульсы рентгеновского излучения
|f Г. А. Месяц [и др.]
|
| 210 |
|
|
|a Москва
|c Энергоатомиздат
|d 1983
|
| 215 |
|
|
|a 168 с.
|c ил.
|
| 320 |
|
|
|a Библиогр.: с. 157-163.
|
| 330 |
|
|
|a Изложены физические основы получения и распространения импульсного рентгеновского излучения, а также автоэлектронной и взрывной эмиссии, которые используют в современных рентгеновских аппаратах. Рассмотрены методы формирования мощных наносекундных импульсов, а также работа рентгеновских трубок при воздействии таких импульсов. Описаны импульсные рентгеновские аппараты, используемые в физических исследованиях, в промышленности, медицине и биологии. Дан обзор методов регистрации импульсов рентгеновского излучения наносекундной длительности. Для научных и инженерно-технических работников. Будет полезна студентам и аспирантам.
|
| 610 |
1 |
|
|a рентгеновские приборы
|
| 610 |
1 |
|
|a рентгеновские лучи
|
| 610 |
1 |
|
|a рентгеновские излучения
|
| 610 |
1 |
|
|a автоэлектронная эмиссия
|
| 610 |
1 |
|
|a взрывная эмиссия
|
| 610 |
1 |
|
|a импульсные трубы
|
| 610 |
1 |
|
|a генераторы
|
| 610 |
1 |
|
|a высоковольтные наносекундные импульсы
|
| 610 |
1 |
|
|a высоковольтные наносекундные генераторы
|
| 610 |
1 |
|
|a импульсное излучение
|
| 610 |
1 |
|
|a катоды
|
| 610 |
1 |
|
|a дефектоскопы
|
| 610 |
1 |
|
|a дозиметрия
|
| 610 |
1 |
|
|a импульсная рентгенография
|
| 610 |
1 |
|
|a физические исследования
|
| 610 |
1 |
|
|a труды учёных ТПУ
|
| 675 |
|
|
|a 621.386
|v 3
|
| 675 |
|
|
|a 537.531
|v 3
|
| 701 |
|
1 |
|a Месяц
|b Г. А.
|c российский физик
|c академик, вице-президент РАН
|c выпускник Томского политехнического института
|f 1936-
|g Геннадий Андреевич
|2 stltpush
|3 (RuTPU)RU\TPU\pers\17099
|4 070
|
| 701 |
|
1 |
|a Иванов
|b С. А.
|g Станислав Алексеевич
|
| 701 |
|
1 |
|a Комяк
|b Н. И.
|g Николай Иванович
|
| 701 |
|
1 |
|a Пеликс
|b Е. А.
|g Евгений Абрамович
|
| 801 |
|
1 |
|a RU
|b 63413507
|c 20110711
|
| 801 |
|
2 |
|a RU
|b 63413507
|c 20110714
|g RCR
|
| 942 |
|
|
|c BK
|